Geography Quiz

Random Geography or State Quiz

Unique 1st Letter States Quiz Stats

 Plays Quiz Updated Jun 13, 2018

Score 0/8 Timer 01:00
0 Plays Today
State % Correct
Florida
82.7%
Hawaii
77.1%
Georgia
70%
Delaware
61.8%
Utah
58.8%
Rhode Island
53.9%
Louisiana
50.7%
Pennsylvania
46.9%

You're not logged in!

Compare scores with friends on all Sporcle quizzes.
OR
Log In

Show Comments

Extras

Top Quizzes Today


Score Distribution

Your Account Isn't Verified!

In order to create a playlist on Sporcle, you need to verify the email address you used during registration. Go to your Sporcle Settings to finish the process.

Report this User

Report this user for behavior that violates our Community Guidelines.

Details: